000 01078nam a2200229 a 4500
001 000035666
005 20250311111111.0
008 090331s2007 dr a 000 0 spa d
020 _z999347664
040 _aDO-SdBNP
_bspa
_cBNPHU
082 _a001.42
_bS116p, 2007
100 1 _aSabino, Carlos A.
_91994
245 1 3 _aEl proceso de investigación /
_cCarlos A. Sabino.
250 _a6a ed.
260 _aSanto Domingo :
_bAlfa y Omega,
_c2007.
300 _a188 p. ;
_c21 cm.
505 0 _gPrólogo --
_tEl conocimiento científico --
_tEl conocimiento científico --
_tConocimiento y método --
_tLa investigación científica --
_tPlanteamiento de la investigación --
_tEl marco teórico --
_tEl diseño de investigación --
_tEl muestreo --
_tIndicadores e índices --
_tInstrumentos de recolección de datos --
_tLos datos y su procesamiento --
_tLa conclusión de la investigación --
_tPalabras finales --
_tBibliografía.
590 _aInventariado,2018/DG
650 0 _a Investigación
_92
650 0 _aCiencias sociales
_91065
910 _aValidado. Control de calidad MFF
999 _c35157
_d35157